Niệu học. t.I /

সংরক্ষণ করুন:
গ্রন্থ-পঞ্জীর বিবরন
প্রধান লেখক: Ngô Gia Hy.
বিন্যাস: Sách giấy
ভাষা:Vietnamese
প্রকাশিত: Hà Nội : Y học, 1980.
ট্যাগগুলো: ট্যাগ যুক্ত করুন
কোনো ট্যাগ নেই, প্রথমজন হিসাবে ট্যাগ করুন!
Thư viện lưu trữ: Thư viện Trường Đại học Đà Lạt
LEADER 00550nam a2200253 4500
001 DLU020001795
005 ##19990903
040 # # |a DLU  |b vie 
041 # # |a vie 
044 # # |a vn 
082 # # |a 616.6  |b NG-H 
100 # # |a Ngô Gia Hy. 
245 # # |a Niệu học.  |n t.I /  |c Ngô Gia Hy. 
260 # # |a Hà Nội :  |b Y học,  |c 1980. 
300 # # |a 466 tr. ;  |c 24 cm. 
992 # # |a 2006 
994 # # |a DLU 
900 # # |a False 
911 # # |a Administrator 
925 # # |a G 
926 # # |a A 
927 # # |a SH 
980 # # |a Thư viện Trường Đại học Đà Lạt